| 000 | 00540nmm a22001937a 4500 | ||
|---|---|---|---|
| 005 | 20170215115502.0 | ||
| 008 | 161103b xxu||||| |||| 00| 0 spa d | ||
| 041 | _aspa | ||
| 082 | _aTU 64 | ||
| 100 |
_aVíquez Leitón, María Auxiliadora _930553 |
||
| 245 | _aInforme de Práctica Supervisada en Agencia de Viajes Horizontes Nature Tour | ||
| 260 | _c2016 | ||
| 650 |
_aCOSTA RICA _940386 |
||
| 650 |
_aTURISMO _9894 |
||
| 650 |
_aTOURS _929905 |
||
| 650 |
_aAGENCIA DE VIAJES _927480 |
||
| 650 |
_aADMINISTRACIÓN _9268 |
||
| 942 | _cIP | ||
| 999 |
_c8612 _d8612 |
||